000 00349nam a2200145Ia 4500
008 191201s2008 xx 000 0 und d
082 _a658.3
_bKAC
100 _aKAUSHAL, H
245 0 _aCase Study Solutions Human Resource Development
250 _a1st
260 _aN.Delhi
_bMacmillan
_c2008
300 _a271
650 _aMBA
942 _2ddc
_cBK
999 _c3076
_d3076